000 00334nam a2200133 4500
005 20260530113906.0
100 1 _aGavin Ambrose and Paul Harris
_932792
245 1 0 _aThis Side Up
264 1 _bRotovision
_c2003
300 _a158 páginas
336 _atexto
_2rdacontent
337 _asin medio
_2rdamedia
338 _avolumen
_2rdacarrier
999 _c11949
_d11949